000 00591 a2200169 4500
020 _a0470848375
040 _aDLC
_bDLC
100 1 _aRichardson, Iain E. G.
245 1 0 _aH.264 and MPEG-4 video compression: video coding for next-generation multimedia
_bvideo coding for next-generation multimedia
_cIain E.G. Richardson
260 _aChichester :
_bWiley,
_cc2003.
300 _axxiv, 281 p. :
_bill. ;
_c26 cm.
650 0 _aDigital video
_xStandards.
650 0 _aVideo compression.
650 0 _aMPEG (Video coding standard)
650 0 _aCoding theory.
942 _cBK
_k621.388 RIC
_2ddc
999 _c9891
_d9891